The perils of belonging : autochthony, citizenship, and exclusion in Africa and Europe
Αποθηκεύτηκε σε:
| Κύριος συγγραφέας: | |
|---|---|
| Μορφή: | Βιβλίο |
| Γλώσσα: | English |
| Δημοσίευση: |
Chicago :
University of Chicago Press,
2009
|
| Θέματα: | |
| Ετικέτες: |
Προσθήκη ετικέτας
Δεν υπάρχουν, Καταχωρήστε ετικέτα πρώτοι!
|
MARC
| LEADER | 00000cam a2200000 i 4500 | ||
|---|---|---|---|
| 001 | 1/2512 | ||
| 008 | 091216s2009 eng d | ||
| 020 | |a 978-0-226-28965-6 (pbk.) | ||
| 020 | |a 0-226-28965-6 (pbk.) | ||
| 035 | |l 10106042 | ||
| 040 | |a GR-MY-UA |b gre |e aacr | ||
| 041 | 0 | |a eng | |
| 082 | 0 | |a 305.80096711 |2 (22) | |
| 100 | 1 | |a Geschiere, Peter. | |
| 245 | 1 | 4 | |a The perils of belonging : |b autochthony, citizenship, and exclusion in Africa and Europe / |c Peter Geschiere |
| 260 | |a Chicago : |b University of Chicago Press, |c 2009 | ||
| 300 | |a xi, 283 σ.; |c 23 εκ. | ||
| 504 | |a Βιβλιογραφία: σ. [263]-278 | ||
| 504 | |a Ευρετήριο: σ. [279]-283 | ||
| 650 | 0 | 0 | |a Group identity |z Cameroon. |
| 650 | 0 | 0 | |a Group identity |z Netherlands. |
| 650 | 0 | 0 | |a Ethnicity |z Cameroon. |
| 650 | 0 | 0 | |a Ethnicity |z Netherlands. |
| 650 | 0 | 0 | |a Cosmopolitanism |z Cameroon. |
| 650 | 0 | 0 | |a Cosmopolitanism |z Netherlands. |
| 852 | |a INST |b LESVOS |e 20091216 |h 305.80096711 GES |p 005100045896 |q 005100045896 |t BK |y 0 | ||
| 901 | |a BIBL1-2009-4 | ||
| 909 | |a Λ |b 160037 | ||
| 970 | |a ΚΑΡΑ |b ΓΙΑΣΕΜΗ |z 2009/12/16 | ||